000 00662nam a2200229Ia 4500
003 OSt
005 20221007074208.0
006 a|||||r|||| 00| 0
007 ta
008 221006b |||||||| |||| 00| 0 eng d
024 _a27,668
037 _cReports / Technical Reports
040 _aFLL
_cFLL
_beng
041 _2eng
_aeng
082 _aZ73b, J4
100 _aWinters Glenn R.
_9692679
245 0 _aBar association organization and activities
260 _aMichigan
_bAmerican Judicature Society
_c1954
300 _axx,243p
_ccm.
942 _hZ73b, J4
_cREP
_2CC
999 _c1151500
_d1151500